00533nam a2200193 a 4500001001300000003000900013005001700022008004100039020001000080082001600090100003300106245002100139260003300160300000900193500003500202505005100237650001800288700003300306nice12345678IN_TiNIC20260116011719.0050524s1928 egya grp 000 0 urd  ac10000a297.52bJAZ aJazuli, Abdullah Bin Mohamme aDalailul Khairat aEgyptbMaktaba-E-ilmiac1928 a263p aincludes index and biblioraphy2 aAn altogether new interpretation of Revelation aIslam-Prayers1 aJazuli, Abdullah Bin Mohamme